La vie de Cléopâtre - Statistiques

Statistiques générales
  • Ce quiz a été pris 725 fois
  • Le résultat moyen est 9 sur 14
Statistiques - réponses
Indice Réponse % Correct
Cléopâtre était reine de ce pays Égypte
100%
Elle a eu une relation avec ce général romain, ce qui a provoqué une escalade de la guerre civile Jules César
97%
Capitale de ce pays à l'époque Alexandrie
87%
Selon Blaise Pascal, la face du monde aurait changé si il avait été plus court Le {Nez} de Cléopâtre
80%
Elle s'est ensuite mariée avec cet autre général romain Marc Antoine
71%
Général romain qui remporta la bataille d'Actium face à Cléopâtre et son mari Auguste
62%
Selon la version la plus courante, Cléopâtre se serait donné la mort en se laissant mordre par ce type de serpent Cobra
59%
Son père Ptolémée XII
58%
Cléopâtre a tenté de rétablir l'autorité de l'Égypte sur cette île, qui a été cédée à Rome par son père Chypre
57%
Afin de rencontrer ce dernier, Cléopâtre s'est introduite clandestinement à Alexandrie, enveloppée dans cet objet Tapis
53%
Nom du fils de Cléopâtre et de ce général romain Césarion
52%
Elle a rencontrée ce général, habillée comme cette déesse Aphrodite
34%
Cette star hollywoodienne a incarné Cléopâtre dans le film du même nom de 1963 Elizabeth Taylor
34%
Dynastie de Cléopâtre Lagide
29%
Aucun quiz correspondant
Distribution des résultats
% des personnes avec chaque résultat
Percentile par nombre de réponses
Votre historique - résultats
Vous n’avez pas pris ce quiz